Statistics for All Formula 1 Ferrari drivers

Click here to take the quiz!

General Stats

  • This quiz has been taken 562 times
    (230 since last reset)
  • The average score is 29 of 77

Answer Stats

Years No. of races Name Nationality % Correct
1996–2006181Michael SchumacherGermany
100%
2007–09, 2014–present139Kimi RäikkönenFinland
98%
2006–13140Felipe MassaBrazil
98%
1974–7758Niki LaudaAustria
97%
2010–1496Fernando AlonsoSpain
96%
2015–present68Sebastian VettelGermany
96%
2000–05104Rubens BarrichelloBrazil
93%
1990–9131Alain ProstFrance
89%
1977–82 †67Gilles VilleneuveCanada
84%
1996–9965Eddie IrvineUnited Kingdom
78%
19567Juan Manuel FangioArgentina
78%
1991–9579Jean AlesiFrance
78%
1987–89, 1993–9596Gerhard BergerAustria
76%
1950–5427Alberto AscariItaly
73%
1958–6230Phil HillUnited States
72%
1989–9032Nigel MansellUnited Kingdom
72%
20095Giancarlo FisichellaItaly
69%
1968, 1970–7346Jacky IckxBelgium
69%
1979–8029Jody ScheckterSouth Africa
68%
1953–55, 1957–5835Mike HawthornUnited Kingdom
64%
1970–72, 1974–7673Clay RegazzoniSwitzerland
64%
1952–5522Giuseppe "Nino" FarinaItaly
64%
1976–7834Carlos ReutemannArgentina
62%
1984–8880Michele AlboretoItaly
60%
19996Mika SaloFinland
58%
1963–6630John SurteesUnited Kingdom
55%
1971–72, 198214Mario AndrettiUnited States
54%
1983–8532René ArnouxFrance
50%
20092Luca BadoerItaly
49%
1981–8227Didier PironiFrance
47%
1985–8631Stefan JohanssonSweden
46%
1956–61 †26Wolfgang von TripsGermany
45%
1964–65, 19698Pedro RodríguezMexico
43%
1961–626Ricardo RodríguezMexico
43%
1962–67 †35Lorenzo BandiniItaly
36%
1967–6927Chris AmonNew Zealand
36%
1982–8323Patrick TambayFrance
35%
1951, 1954–55, 1957, 196016José Froilán GonzálezArgentina
35%
199214Ivan CapelliItaly
31%
1956–58 †20Peter CollinsUnited Kingdom
26%
1954–55, 195717Maurice TrintignantFrance
23%
1956–58 †15Luigi MussoItaly
23%
1992, 19944Nicola LariniItaly
22%
19911Gianni MorbidelliItaly
22%
19597Tony BrooksUnited Kingdom
18%
1951–52, 1954–5514Piero TaruffiItaly
18%
19624Giancarlo BaghettiItaly
18%
19594Dan GurneyUnited States
17%
1963–679Ludovico ScarfiottiItaly
16%
1956–575Alfonso de PortagoSpain
14%
1960–6110Richie GintherUnited States
14%
1972–7311Arturo MerzarioItaly
14%
19593Jean BehraFrance
12%
1955–57 †11Eugenio CastellottiItaly
8%
1950–5320Luigi VilloresiItaly
8%
1960–6310Willy MairesseBelgium
7%
19671Jonathan WilliamsUnited Kingdom
6%
19541Robert ManzonFrance
6%
19704Ignazio GiuntiItaly
6%
19501Dorino SerafiniItaly
5%
1966–676Mike ParkesUnited Kingdom
5%
19551Harry SchellUnited States
5%
1955–56, 1958–59, 196110Olivier GendebienBelgium
5%
19721Nanni GalliItaly
5%
1955–563Paul FrèreBelgium
5%
19681Andrea de AdamichItaly
5%
1959–607Cliff AllisonUnited Kingdom
5%
19561André PiletteBelgium
4%
19531Piero CariniItaly
4%
1953–556Umberto MaglioliItaly
4%
19502Raymond SommerFrance
4%
19522André SimonFrance
4%
19682Derek BellUnited Kingdom
4%
19651Nino VaccarellaItaly
2%
19571Cesare PerdisaItaly
2%
19651Bob BondurantUnited States
1%
19561Johnny BaldwinUnited States
0%

Score Distribution

Percentile by Number Answered

Percent of People with Each Score

Your Score History

You have not taken this quiz since the last reset